Catholic University of Zimbabwe Library
Online Public Access Catalogue
(OPAC)

Denis Diderot, Rameau's Nephew (Record no. 29097)

MARC details
000 -LEADER
fixed length control field 05843nam a2200649 i 4500
001 - CONTROL NUMBER
control field xb24124308
006 - FIXED-LENGTH DATA ELEMENTS--ADDITIONAL MATERIAL CHARACTERISTICS
fixed length control field m d
007 - PHYSICAL DESCRIPTION FIXED FIELD--GENERAL INFORMATION
fixed length control field cr n
008 - FIXED-LENGTH DATA ELEMENTS--GENERAL INFORMATION
fixed length control field 160716t20162016enka sb 000 0 eng d
020 ## - INTERNATIONAL STANDARD BOOK NUMBER
International Standard Book Number 9781909254923
Qualifying information (pdf)
020 ## - INTERNATIONAL STANDARD BOOK NUMBER
International Standard Book Number 9781909254930
Qualifying information (epub)
020 ## - INTERNATIONAL STANDARD BOOK NUMBER
International Standard Book Number 9781909254947
Qualifying information (mobi)
020 ## - INTERNATIONAL STANDARD BOOK NUMBER
Canceled/invalid ISBN 9781909254909 (Paperback)
020 ## - INTERNATIONAL STANDARD BOOK NUMBER
Canceled/invalid ISBN 9781909254916 (Hardback)
022 ## - INTERNATIONAL STANDARD SERIAL NUMBER
International Standard Serial Number 2054-2178 (Online)
022 ## - INTERNATIONAL STANDARD SERIAL NUMBER
Canceled ISSN 2054-216X (Print)
035 ## - SYSTEM CONTROL NUMBER
System control number (OCoLC)953568806
040 ## - CATALOGING SOURCE
Original cataloging agency StSaUL
Language of cataloging eng
Description conventions rda
041 1# - LANGUAGE CODE
Language code of text/sound track or separate title eng
Language code of original fre
100 1# - MAIN ENTRY--PERSONAL NAME
Personal name Diderot, Denis,
Dates associated with a name 1713-1784
240 10 - UNIFORM TITLE
Uniform title Neveu de Rameau.
Language of a work English
245 00 - TITLE STATEMENT
Title Denis Diderot, Rameau's Nephew
Medium [electronic resource] =
Remainder of title Le neveu de Rameau : a multi-media bilingual edition /
Statement of responsibility, etc. edited by Marian Hobson ; translated by Kate E. Tunstall and Caroline Warman ; music researched and played by the Conservatoire national supérieur de musique et de danse de Paris under the direction of Pascal Duc.
246 30 - VARYING FORM OF TITLE
Title proper/short title Rameau's Nephew
250 ## - EDITION STATEMENT
Edition statement Expanded second edition.
264 #1 - PRODUCTION, PUBLICATION, DISTRIBUTION, MANUFACTURE, AND COPYRIGHT NOTICE
Name of producer, publisher, distributor, manufacturer Open Book Publishers,
300 ## - PHYSICAL DESCRIPTION
Extent 1 online resource (xi pages, 1 unnumbered page, 148 pages) :
Other physical details illustrations (chiefly colour)
490 1# - SERIES STATEMENT
Series statement Open Book classics series.
International Standard Serial Number 2054-2178 ;
Volume/sequential designation vol. 4
500 ## - GENERAL NOTE
General note "The translation in this book is from Denis Diderot, "Satyre seconde : le neveu de Rameau", ed. Marian Hobson (Droz : Geneva, 2013"--Verso of title-page.
500 ## - GENERAL NOTE
General note Available through Open Book Publishers.
500 ## - GENERAL NOTE
General note Previous ed. published with slightly different title: Denis Diderot's Rameau's Nephew : a multi-media edition. 2014.
500 ## - GENERAL NOTE
General note This new edition includes: Introduction ; Original text ; English translation ; Embedded audio-files ; Explanatory notes ; Interactive material ; 100 colour illustrations ; Additional online resources.
504 ## - BIBLIOGRAPHY, ETC. NOTE
Bibliography, etc. note Includes bibliographical references.
505 0# - FORMATTED CONTENTS NOTE
Formatted contents note List of Musical Pieces -- Preface to the Second Edition / by Marian Hobson -- Rameau's Nephew / translated by Kate E. Tunstall, Caroline Warman -- Le Neveu de Rameau : French edition / ed. by Georges Monval (Paris: Plon, 1891) -- Notes by Marian Hobson -- List of Illustrations -- Contributors -- Acknowledgments.
506 ## - RESTRICTIONS ON ACCESS NOTE
Terms governing access Open access resource providing free access.
520 ## - SUMMARY, ETC.
Summary, etc. "In a famous Parisian chess café, a down-and-out, HIM, accosts a former acquaintance, ME, who has made good, more or less. They talk about chess, about genius, about good and evil, about music, they gossip about the society in which they move, one of extreme inequality, of corruption, of envy, and about the circle of hangers-on in which the down-and-out abides. The down-and-out from time to time is possessed with movements almost like spasms, in which he imitates, he gestures, he rants. And towards half past five, when the warning bell of the Opera sounds, they part, going their separate ways. Probably completed in 1772-73, Denis Diderot's Rameau's Nephew fascinated Goethe, Hegel, Engels and Freud in turn, achieving a literary-philosophical status that no other work by Diderot shares. This interactive, multi-media and bilingual edition offers a brand new translation of Diderot's famous dialogue, and it also gives the reader much more. Portraits and biographies of the numerous individuals mentioned in the text, from minor actresses to senior government officials, enable the reader to see the people Diderot describes, and provide a window onto the complex social and political context that forms the backdrop to the dialogue. Links to musical pieces specially selected by Pascal Duc and performed by students of the Conservatoire national supérieur de musique et de danse de Paris, illuminate the wider musical context of the work, enlarging it far beyond its now widely understood relation to opéra comique."--Publisher's website.
520 ## - SUMMARY, ETC.
Summary, etc. "Musical Resources. The pieces specially performed and recorded for this multi-media edition were chosen to provide samples of music of composers that are less well known today, or to give examples of transcription, one of the principle ways that pieces came to be known and played in a private setting at the time."--Publisher's website.
530 ## - ADDITIONAL PHYSICAL FORM AVAILABLE NOTE
Additional physical form available note A list of the musical pieces included in this publication is available from the publisher's website. These can be downloaded, either in MP3 or in WAV format, by clicking on the corresponding link (please note that this works best with Chrome, Safari, and Internet Explorer). Alternatively, you can scan the QR codes provided.
538 ## - SYSTEM DETAILS NOTE
System details note Mode of access: World Wide Web.
540 ## - TERMS GOVERNING USE AND REPRODUCTION NOTE
Terms governing use and reproduction All musical recordings have been released under a CC BY license and their copyright belongs to the Conservatoire national supérieur de musique et de danse de Paris.
540 ## - TERMS GOVERNING USE AND REPRODUCTION NOTE
Terms governing use and reproduction The text and the music are licensed under a Creative Commons Attribution 4.0 International license (CC BY 4.0). For more detailed information consult the publisher's website.
546 ## - LANGUAGE NOTE
Language note Translated from the French.
600 10 - SUBJECT ADDED ENTRY--PERSONAL NAME
Personal name Diderot, Denis,
Dates associated with a name 1713-1784.
Title of a work Neveu de Rameau.
700 1# - ADDED ENTRY--PERSONAL NAME
Personal name Duc, Pascal,
Relator term conductor.
700 1# - ADDED ENTRY--PERSONAL NAME
Personal name Hobson, Marian,
Relator term editor.
700 1# - ADDED ENTRY--PERSONAL NAME
Personal name Tunstall, Kate E.,
Relator term translator.
700 1# - ADDED ENTRY--PERSONAL NAME
Personal name Warman, Caroline,
Relator term translator.
710 2# - ADDED ENTRY--CORPORATE NAME
Corporate name or jurisdiction name as entry element Conservatoire national supérieur de musique et de danse de Paris,
Relator term performer.
710 2# - ADDED ENTRY--CORPORATE NAME
Corporate name or jurisdiction name as entry element Open Book Publishers,
Relator term publisher.
740 0# - ADDED ENTRY--UNCONTROLLED RELATED/ANALYTICAL TITLE
Uncontrolled related/analytical title Denis Diderot's Rameau's Nephew.
830 #0 - SERIES ADDED ENTRY--UNIFORM TITLE
Uniform title Open Book classics ;
Volume/sequential designation v. 4.
International Standard Serial Number 2054-2178
856 40 - ELECTRONIC LOCATION AND ACCESS
Uniform Resource Identifier <a href="http://doi.org/10.11647/OBP.0098">http://doi.org/10.11647/OBP.0098</a>
Public note Connect to e-book
856 42 - ELECTRONIC LOCATION AND ACCESS
Uniform Resource Identifier <a href="http://www.openbookpublishers.com/shopimages/products/cover/498 ">http://www.openbookpublishers.com/shopimages/products/cover/498 </a>
Public note Connect to cover image
Holdings
Withdrawn status Lost status Source of classification or shelving scheme Damaged status Not for loan Home library Current library Shelving location Date acquired Total Checkouts Date last seen Uniform Resource Identifier Price effective from Koha item type
          Digital Library Digital Library Online Access 15.02.2021   15.02.2021 http://doi.org/10.11647/OBP.0098 15.02.2021 eBook

OPENING HOURS

Weekdays: 0815hrs - 1800hrs
Weekends:0900hrs - 1200hrs

Closed for Mass:

Mon, Thur: 1200hrs - 1300hrs
Sunday & Public Holiday’s

CALL SUPPORT

0242-570570, 0242-570169
09200664, +263 8644140602

LOCATION

18443, Cranborne Avenue, Hatfield, Harare

Other Links


©2021 | CUZ Library